Statistiques concernant Quiz des régions françaises #2: Normandie

Cliquez ici pour prendre le quiz!

Statistiques générales

  • Ce quiz a été pris 432 fois
  • Le résultat moyen est 16 sur 20

Statistiques - réponses

QuestionRéponse% Correct
Départements de la RégionManche
98%
Mer bordéeManche
98%
Ville où Jeanne d'Arc fut brûléeRouen
98%
Départements de la RégionCalvados
95%
Région limitropheBretagne
93%
Départements de la RégionEure
93%
Ville où les tripes sont la spécialitéCaen
91%
Départements de la RégionSeine-Maritime
91%
Céréale la plus cultivéeBlé
90%
Ville la plus peupléeLe Havre
90%
Départements de la RégionOrne
87%
Région limitropheÎle-de-France
86%
Région limitropheHauts-de-France
79%
Région limitrophePays de la Loire
79%
Site touristique le plus visité de NormandieMont-Saint-Michel
77%
Région limitropheCentre-Val-de-Loire
72%
Président français né en NormandieFrançois Hollande
61%
Ville liée à Sainte ThérèseLisieux
56%
Péninsule correspondant à l'ancien pays normandCotentin
37%
Président français né en NormandieRené Coty
27%

Distribution des résultats

Percentile par nombre de réponses

% des personnes avec chaque résultat

Votre développement - résultats

Vous n’avez pas pris ce quiz